000 01829cam a22003494a 4500
005 2011120707437.0
008 051121s2006 caua | b 001 0 eng
020 _a1905209010
020 _a9781905209019
040 _aDLC
_cDLC
_dBAKER
_dOCLCQ
_dDLC
050 0 0 _aTA645
_b.S754 2006
082 0 0 _a624.171
_222
_bSTR
245 0 0 _aStructural health monitoring /
_cedited by Daniel Balageas, Claus-Peter Fritzen and Alfredo Guemes.
260 _aLondon ;
_aNewport Beach, CA :
_bISTE,
_c2006.
300 _a495 p. :
_bill. ;
_c25 cm.
504 _aIncludes bibliographical references and index.
650 0 _aStructural health monitoring.
_928045
650 0 _aStructural analysis (Engineering)
_928046
650 0 _aAutomatic data collection systems.
_928047
650 0 _aDetectors.
_928048
653 _bGen
_cDecember2011
700 1 _aBalageas, Daniel.
_928049
700 1 _aFritzen, Claus-Peter.
_928050
700 1 _aGuemes, Alfredo.
_928051
856 4 1 _3Table of contents only
_uhttp://www.loc.gov/catdir/toc/ecip064/2005034291.html
856 4 2 _3Publisher description
_uhttp://www.loc.gov/catdir/enhancements/fy0664/2005034291-d.html
856 4 2 _3Contributor biographical information
_uhttp://www.loc.gov/catdir/enhancements/fy0701/2005034291-b.html
942 _2ddc
_cBB
999 _c16307
_d16307